Breve introducción al pensamiento de Karl-Otto Apel (Registro nro. 30263)
[ vista simple ]
| 000 -LEADER | |
|---|---|
| fixed length control field | 00326 a2200109 4500 |
| 001 - CONTROL NUMBER | |
| control field | ART_27830 |
| 005 - DATE AND TIME OF LATEST TRANSACTION | |
| control field | 20260410161950.0 |
| 008 - FIXED-LENGTH DATA ELEMENTS--GENERAL INFORMATION | |
| fixed length control field | 260409a |
| 100 1# - MAIN ENTRY--PERSONAL NAME | |
| Personal name | Trapani, Daniel A. |
| 245 10 - TITLE STATEMENT | |
| Title | Breve introducción al pensamiento de Karl-Otto Apel |
| 773 0# - HOST ITEM ENTRY | |
| Title | Invenio |
| Related parts | - Año 4, Nº 6 (jun. 2001) |
| Record control number | REV27781 |
No hay ítems disponibles.